header

Mimesis and the representation of experience (Record no. 175061)

MARC details
000 -LEADER
fixed length control field 01257nam a2200301Ia 4500
100 1# - MAIN ENTRY--AUTHOR NAME
Personal name Zunino-Garrido, Cinta.
245 10 - TITLE STATEMENT
Title Mimesis and the representation of experience
260 ## - PUBLICATION, DISTRIBUTION, ETC. (IMPRINT)
Place of publication Frankfurt :
Name of publisher Peter Lang GmbH, Internationaler Verlag der Wissenschaften,
Year of publication 2012.
300 ## - PHYSICAL DESCRIPTION
Number of Pages 270 p.
490 1# - SERIES STATEMENT
Series statement Text, meaning, context ;
650 #0 - SUBJECT ADDED ENTRY--TOPICAL TERM
Topical Term Mimeses in literature.
Topical Term Comedy.
856 40 - ELECTRONIC LOCATION AND ACCESS
Uniform Resource Identifier http://site.ebrary.com/lib/rucke/Doc?id=10666014

No items available.

© 2026 Rongo University
Contact us: librarian | system librarian | Rongo university